000 00768nam a2200277 a 4500
001 000108130
003 CHAP
005 20220329143959.0
008 131206s2011 xxk| |r| |||1|||eng|d
010 _a104592
011 _a105564
020 _a9780199608485
040 _cCHAP
082 0 4 _a570.1
_bA92
100 1 _aAuletta, Gennaro
_9124976
245 1 0 _aCognitive biology :
_bDealing with information from bacteria to minds /
_cpor Gennaro Auletta.
260 3 _aLondres :
_bOxford University Press,
_c2011.
300 _axx, 854 p.
590 _aE792CSJ
_b05
_c20131206
_lUCH01
_h1237
590 _aE792CSJ
_b05
_c20131206
_lUCH01
_h1359
650 1 4 _aBiología.
_912773
650 1 4 _aCognición.
_924357
901 _aBK
942 _cLIBRO
942 _n0
999 _c104592
_d104592